Công nghệ truyền giống nhân tạo trâu bò

Giới thiệu truyền giống nhân tạo và lợi ích của nó, cấu tạo bộ máy sinh sản và đặc điểm sinh lý sinh sản trâu bò, nuôi dưỡng và chăm sóc bò đực giống,...

Enregistré dans:
Détails bibliographiques
Auteur principal: Hà, Văn Chiêu
Format: Livre
Langue:Undetermined
Publié: Hà Nội Nông nghiệp 2019
Sujets:
Tags: Ajouter un tag
Pas de tags, Soyez le premier à ajouter un tag!
Thư viện lưu trữ: Trung tâm Học liệu Trường Đại học Cần Thơ
LEADER 00822nam a2200205Ia 4500
001 CTU_235875
008 210402s9999 xx 000 0 und d
082 |a 636.208245 
082 |b Ch309 
100 |a Hà, Văn Chiêu 
245 0 |a Công nghệ truyền giống nhân tạo trâu bò 
245 0 |c Hà Văn Chiêu 
260 |a Hà Nội 
260 |b Nông nghiệp 
260 |c 2019 
520 |a Giới thiệu truyền giống nhân tạo và lợi ích của nó, cấu tạo bộ máy sinh sản và đặc điểm sinh lý sinh sản trâu bò, nuôi dưỡng và chăm sóc bò đực giống,... 
650 |a Gia súc,Cattle 
650 |x Chăn nuôi,Breeding 
910 |b nthai 
980 |a Trung tâm Học liệu Trường Đại học Cần Thơ